000 00388nam a22001697a 4500
003 MPLRDC
005 20220104124359.0
008 210129b ||||| |||| 00| 0 eng d
082 _a854.6 CWY
100 _a常望云等著
245 _a
_c
250 _a再版
260 _a
_b友联出版社
_c1956
300 _b
650 _a剧本--话剧剧本
942 _cBK
_o854.6 CWY
999 _c18882
_d18872